Über den japanischen grundbesitz, dessen verteilung und landwirtschaftliche verwertung ... (Record no. 23795)

MARC details
000 -LEADER
fixed length control field 00684cam a22002411 4500
001 - CONTROL NUMBER
control field g 01001629
003 - CONTROL NUMBER IDENTIFIER
control field DLC
005 - DATE AND TIME OF LATEST TRANSACTION
control field 20260227111255.0
008 - FIXED-LENGTH DATA ELEMENTS--GENERAL INFORMATION
fixed length control field 940531s1890 gw 000 0 ger
010 ## - LIBRARY OF CONGRESS CONTROL NUMBER
LC control number g 01001629
035 ## - SYSTEM CONTROL NUMBER
System control number (OCoLC)30523779
040 ## - CATALOGING SOURCE
Original cataloging agency DLC
Transcribing agency CU
Modifying agency CU
-- DLC
042 ## - AUTHENTICATION CODE
Authentication code premarc
050 00 - LIBRARY OF CONGRESS CALL NUMBER
Classification number HD915
Item number .N7
100 1# - MAIN ENTRY--PERSONAL NAME
Personal name Nitobe, Inazō,
Dates associated with a name 1862-1933.
245 00 - TITLE STATEMENT
Title Über den japanischen grundbesitz, dessen verteilung und landwirtschaftliche verwertung ...
260 ## - PUBLICATION, DISTRIBUTION, ETC.
Place of publication, distribution, etc. Halle a.d.S.,
Date of publication, distribution, etc. 1890.
300 ## - PHYSICAL DESCRIPTION
Extent viii, 91, [1] p.
Dimensions 23 cm.
502 ## - DISSERTATION NOTE
Dissertation note Inaug.-diss.--Halle.
500 ## - GENERAL NOTE
General note Vita.
650 #0 - SUBJECT ADDED ENTRY--TOPICAL TERM
Topical term or geographic name entry element Agriculture
Geographic subdivision Japan.
650 #0 - SUBJECT ADDED ENTRY--TOPICAL TERM
Topical term or geographic name entry element Land tenure
Geographic subdivision Japan.

No items available.

Powered by Koha